00481nam a2200157Ia 4500008004100000041000800041082001500049100001700064245002300081250001400104260003500118300003200153365000700185999001300192952011800205240624s9999 xx 000 0 und d aeng a658.83 LUC aLUCK DAVID J aMARKETING RESEARCH a(7th ed.) c2003aNew DelhibPrentice-Hall axvii, : 683 : p. : cm. ; 24 cRS c374d374 00104070aIMTNbIMTNcRack 37-Bd2004-10-17eJBDg8.00o658.83 LUCp374r2024-06-24 00:00:00t1w2024-06-24yBK